[Event "GLC Masters"]
[Site "London"]
[Date "1986.03.24"]
[Round "13"]
[White "Crawley, Gavin"]
[Black "Nicholson, John G"]
[Result "1-0"]
[WhiteElo "2335"]
[BlackElo "2320"]
[PlyCount "85"]
[EventDate "1986.03.11"]
[EventType "tourn"]
[EventRounds "15"]
[EventCountry "ENG"]
[EventCategory "3"]
[SourceTitle "BritBase"]
[Source "John Saunders"]
[SourceDate "2020.09.07"]
[SourceVersion "1"]
[SourceVersionDate "2020.09.07"]
[SourceQuality "2"]

1. c4 e5 2. Nc3 Nc6 3. Nf3 f5 4. d4 e4 5. Bg5 Nf6 6. Nd2 Be7 7. e3 O-O 8. a3
Qe8 9. c5 Kh8 10. Nc4 d6 11. Bxf6 Bxf6 12. cxd6 f4 13. dxc7 fxe3 14. fxe3 Qg6
15. g3 Bg4 16. Be2 Bxe2 17. Nxe2 Qf7 18. c8=Q Raxc8 19. Nd6 Qc7 20. Nxc8 Bg5
21. Nf4 Bxf4 22. gxf4 Qxc8 23. Qc2 Qh3 24. Qxe4 Qh4+ 25. Ke2 Qh5+ 26. Kf2 Qh4+
27. Kg1 Qg4+ 28. Qg2 Qe6 29. Qf3 Qb3 30. Qf2 Ne7 31. Re1 g5 32. Kg2 gxf4 33.
Rhf1 Nd5 34. exf4 Nxf4+ 35. Kh1 Ng6 36. Qg3 Qd5+ 37. Qg2 Rxf1+ 38. Rxf1 Qxd4
39. Qxb7 Qc4 40. Rd1 Qh4 41. Qb8+ Kg7 42. Qxa7+ Kh6 43. Qe3+ 1-0

[Event "GLC Masters"]
[Site "London"]
[Date "1986.03.24"]
[Round "13"]
[White "Gallagher, Joseph G"]
[Black "McDonald, Neil R"]
[Result "1/2-1/2"]
[WhiteElo "2325"]
[BlackElo "2320"]
[PlyCount "61"]
[EventDate "1986.03.11"]
[EventType "tourn"]
[EventRounds "15"]
[EventCountry "ENG"]
[EventCategory "3"]
[SourceTitle "BritBase"]
[Source "John Saunders"]
[SourceDate "2020.09.07"]
[SourceVersion "1"]
[SourceVersionDate "2020.09.07"]
[SourceQuality "2"]

1. e4 e6 2. d4 d5 3. Nc3 Bb4 4. e5 c5 5. dxc5 Ne7 6. Nf3 Nbc6 7. Bd3 d4 8. a3
dxc3 9. axb4 cxb2 10. Bxb2 Nxb4 11. Be4 Qxd1+ 12. Kxd1 Nbc6 13. Nd2 O-O 14. Nc4
f5 15. exf6 gxf6 16. Ra3 e5 17. f4 exf4 18. Rf1 Bg4+ 19. Kc1 Be2 20. Rxf4 Bxc4
21. Rg3+ Kf7 22. Bxc6 bxc6 23. Rxc4 Rg8 24. Rf4 Nd5 25. Rff3 Rxg3 26. hxg3 Rg8
27. c4 Ne7 28. Rxf6+ Ke8 29. Be5 Rg4 30. Bd6 Rxc4+ 31. Kd2 1/2-1/2

[Event "GLC Masters"]
[Site "London"]
[Date "1986.03.24"]
[Round "13"]
[White "Mannion, Stephen R"]
[Black "Knott, Simon JB"]
[Result "1-0"]
[WhiteElo "1605"]
[BlackElo "2320"]
[PlyCount "115"]
[EventDate "1986.03.11"]
[EventType "tourn"]
[EventRounds "15"]
[EventCountry "ENG"]
[EventCategory "3"]
[SourceTitle "BritBase"]
[Source "John Saunders"]
[SourceDate "2020.09.07"]
[SourceVersion "1"]
[SourceVersionDate "2020.09.07"]
[SourceQuality "2"]

1. e4 e6 2. d4 d5 3. Nd2 Nf6 4. e5 Nfd7 5. Bd3 c5 6. c3 Nc6 7. Ngf3 cxd4 8.
cxd4 Nb6 9. O-O Bd7 10. Nb1 Be7 11. Nc3 Nb4 12. Bb1 a5 13. a3 Nc6 14. Bc2 a4
15. Re1 h6 16. Ne2 Na5 17. Nf4 Qc7 18. Re3 Nac4 19. Rc3 Bc6 20. Nh5 Kd7 21.
Nxg7 h5 22. Ne1 h4 23. h3 Rag8 24. Nh5 Kc8 25. Nd3 f5 26. exf6 Bd6 27. Bf4 e5
28. Be3 Qf7 29. dxe5 Rxh5 30. exd6 d4 31. Nf4 Bxg2 32. Nxg2 dxc3 33. bxc3 Nxe3
34. fxe3 Rhg5 35. Be4 Qe6 36. f7 Qxe4 37. fxg8=Q+ Rxg8 38. Qe2 Nc4 39. d7+ Kxd7
40. Rd1+ Nd6 41. Rd4 Qc6 42. Rg4 Rxg4 43. Qxg4+ Kc7 44. Qxh4 Ne4 45. Qe7+ Kb8
46. h4 Nxc3 47. h5 Ne2+ 48. Kh2 Ka7 49. Qe5 b5 50. Qg7+ Kb6 51. Qg6 b4 52. axb4
a3 53. Ne1 a2 54. Nc2 Nc3 55. Qxc6+ Kxc6 56. h6 Nd5 57. h7 Nxe3 58. Na1 1-0

[Event "GLC Masters"]
[Site "London"]
[Date "1986.03.24"]
[Round "13"]
[White "Needham, Teresa"]
[Black "Orr, Mark JL"]
[Result "1/2-1/2"]
[WhiteElo "2120"]
[BlackElo "2330"]
[PlyCount "85"]
[EventDate "1986.03.11"]
[EventType "tourn"]
[EventRounds "15"]
[EventCountry "ENG"]
[EventCategory "3"]
[SourceTitle "BritBase"]
[Source "John Saunders"]
[SourceDate "2020.09.07"]
[SourceVersion "1"]
[SourceVersionDate "2020.09.07"]
[SourceQuality "2"]

1. e4 c6 2. d4 d5 3. exd5 cxd5 4. c4 Nf6 5. Nc3 e6 6. Nf3 Bb4 7. Bd3 dxc4 8.
Bxc4 O-O 9. O-O b6 10. Qb3 Bxc3 11. bxc3 Bb7 12. Bg5 Nbd7 13. Ne5 Qc7 14. Nxd7
Nxd7 15. Bd3 h6 16. Bh4 Rfc8 17. Rac1 Qf4 18. Bg3 Qg5 19. f4 Qd5 20. Qxd5 Bxd5
21. c4 Bb7 22. f5 Nf8 23. c5 bxc5 24. dxc5 a5 25. a4 Bc6 26. Bb5 exf5 27. Rxf5
Ne6 28. Rc4 Ra7 29. Be1 Kf8 30. Re5 Ke8 31. Rd4 Bxb5 32. axb5 Rxc5 33. Rxc5
Nxc5 34. b6 Rd7 35. Rxd7 Kxd7 36. Bxa5 Kc6 37. Bc3 Ne6 38. Ba5 h5 39. Kf2 Nc5
40. Kf3 Ne6 41. Ke4 Nd8 42. Kf5 Kd7 43. Kg5 1/2-1/2

[Event "GLC Masters"]
[Site "London"]
[Date "1986.03.25"]
[Round "14"]
[White "Carlier, Bruno"]
[Black "Levitt, Jonathan"]
[Result "1/2-1/2"]
[WhiteElo "2315"]
[BlackElo "2395"]
[PlyCount "88"]
[EventDate "1986.03.11"]
[EventType "tourn"]
[EventRounds "15"]
[EventCountry "ENG"]
[EventCategory "3"]
[SourceTitle "BritBase"]
[Source "John Saunders"]
[SourceDate "2020.09.07"]
[SourceVersion "1"]
[SourceVersionDate "2020.09.07"]
[SourceQuality "2"]

1. e4 e6 2. d4 d5 3. e5 c5 4. c3 Nc6 5. Nf3 Bd7 6. Be2 f6 7. O-O fxe5 8. Nxe5
Nxe5 9. dxe5 Qc7 10. c4 Qxe5 11. Bf3 Bd6 12. g3 Qd4 13. cxd5 Qxd1 14. Rxd1
O-O-O 15. dxe6 Bxe6 16. Nc3 Nf6 17. Be3 b6 18. a4 Bg4 19. Bxg4+ Nxg4 20. Bg5
Nf6 21. Bxf6 gxf6 22. f4 Rhe8 23. Kg2 c4 24. Kf3 f5 25. Nd5 Bc5 26. Rac1 Rd7
27. Rxc4 Red8 28. b4 Rxd5 29. Rxd5 Rxd5 30. bxc5 bxc5 31. g4 fxg4+ 32. Ke4 Rd4+
33. Rxd4 cxd4 34. Kxd4 h5 35. Ke4 h4 36. f5 a5 37. Kf4 g3 38. hxg3 hxg3 39.
Kxg3 Kd7 40. Kf4 Ke7 41. Ke5 Kf7 42. f6 Kf8 43. Ke6 Ke8 44. f7+ Kf8 1/2-1/2

[Event "GLC Masters"]
[Site "London"]
[Date "1986.03.25"]
[Round "14"]
[White "Jacobs, Byron A"]
[Black "Carton, Patrick"]
[Result "1-0"]
[WhiteElo "2295"]
[BlackElo "2295"]
[PlyCount "69"]
[EventDate "1986.03.11"]
[EventType "tourn"]
[EventRounds "15"]
[EventCountry "ENG"]
[EventCategory "3"]
[SourceTitle "BritBase"]
[Source "John Saunders"]
[SourceDate "2020.09.07"]
[SourceVersion "1"]
[SourceVersionDate "2020.09.07"]
[SourceQuality "2"]

1. e4 e6 2. d4 d5 3. Nc3 Bb4 4. e5 c5 5. dxc5 Nd7 6. Qg4 Bxc3+ 7. bxc3 Nxe5 8.
Qxg7 Qf6 9. Bh6 Ng6 10. Qxf6 Nxf6 11. Bg7 Ne4 12. Bxh8 Nxh8 13. Bd3 Nxc3 14.
Nf3 h6 15. h4 f6 16. Nd4 Bd7 17. a4 Rc8 18. c6 bxc6 19. Kd2 Ne4+ 20. Bxe4 dxe4
21. Rhb1 e5 22. Ne2 Rd8 23. Ke3 Bc8 24. Rd1 f5 25. Rxd8+ Kxd8 26. g4 f4+ 27.
Kxe4 Bxg4 28. Rg1 Bxe2 29. Rg8+ Kc7 30. Rxh8 Bd1 31. Rxh6 Bxc2+ 32. Kxe5 Bxa4
33. Rh7+ Kb6 34. h5 Bc2 35. Rg7 1-0

[Event "GLC Masters"]
[Site "London"]
[Date "1986.03.25"]
[Round "14"]
[White "Lalic, Susan Kathryn"]
[Black "Mannion, Stephen R"]
[Result "0-1"]
[WhiteElo "2220"]
[BlackElo "2260"]
[PlyCount "86"]
[EventDate "1986.03.11"]
[EventType "tourn"]
[EventRounds "15"]
[EventCountry "ENG"]
[EventCategory "3"]
[SourceTitle "BritBase"]
[Source "John Saunders"]
[SourceDate "2020.09.07"]
[SourceVersion "1"]
[SourceVersionDate "2020.09.07"]
[SourceQuality "2"]

1. c4 Nf6 2. Nc3 e6 3. g3 d5 4. Bg2 Be7 5. d4 O-O 6. cxd5 exd5 7. Qc2 Nc6 8.
Nf3 Bg4 9. e3 Nb4 10. Qd1 Ne4 11. a3 Na6 12. Qb3 Nxc3 13. bxc3 Rb8 14. O-O c5
15. Ne5 Be6 16. a4 c4 17. Qc2 f6 18. Nf3 Qd7 19. Ba3 Bxa3 20. Rxa3 b6 21. Nd2
Nc7 22. Raa1 a6 23. e4 Rfe8 24. Rfe1 b5 25. axb5 axb5 26. f4 b4 27. f5 Bf7 28.
e5 b3 29. Qb1 Bh5 30. h3 Re7 31. g4 Be8 32. e6 Qd6 33. Nf1 Nb5 34. Qb2 Bc6 35.
Ne3 Rc7 36. Ra6 Qg3 37. Kf1 Nxd4 38. Rxc6 Rxc6 39. Bxd5 Nf3 40. e7+ Kh8 41. Ng2
Nxe1 42. Bxc6 Nxg2 43. Bxg2 Qe5 0-1

[Event "GLC Masters"]
[Site "London"]
[Date "1986.03.25"]
[Round "14"]
[White "Nicholson, John G"]
[Black "Gallagher, Joseph G"]
[Result "0-1"]
[WhiteElo "2320"]
[BlackElo "2325"]
[PlyCount "80"]
[EventDate "1986.03.11"]
[EventType "tourn"]
[EventRounds "15"]
[EventCountry "ENG"]
[EventCategory "3"]
[SourceTitle "BritBase"]
[Source "John Saunders"]
[SourceDate "2020.09.07"]
[SourceVersion "1"]
[SourceVersionDate "2020.09.07"]
[SourceQuality "2"]

1. e4 c5 2. Nf3 d6 3. d4 cxd4 4. Nxd4 Nf6 5. Nc3 a6 6. a4 Qc7 7. a5 e6 8. Be2
Be7 9. O-O O-O 10. Be3 Nbd7 11. Nb3 b5 12. axb6 Nxb6 13. Qd4 Nfd7 14. Rfd1 Nc5
15. Na5 Rd8 16. f4 e5 17. Qd2 exf4 18. Bxf4 Be6 19. Kh1 Qc8 20. Nd5 Bxd5 21.
exd5 Bf6 22. Nc6 Re8 23. Bf3 Nc4 24. Qb4 Nxb2 25. Bxd6 Nxd1 26. Rxd1 Nd7 27.
Bg4 a5 28. Qa3 Qb7 29. Qf3 a4 30. Qf5 Nb6 31. Bf3 Qd7 32. Qxd7 Nxd7 33. Ba3 Re3
34. Bc1 Rxf3 35. gxf3 a3 36. Bxa3 Rxa3 37. c4 Ra1 38. Rxa1 Bxa1 39. Nb4 Bf6 40.
Na6 Nb6 0-1

[Event "GLC Masters"]
[Site "London"]
[Date "1986.03.25"]
[Round "14"]
[White "Orr, Mark JL"]
[Black "Arkell, Keith C"]
[Result "1/2-1/2"]
[WhiteElo "2330"]
[BlackElo "2375"]
[PlyCount "124"]
[EventDate "1986.03.11"]
[EventType "tourn"]
[EventRounds "15"]
[EventCountry "ENG"]
[EventCategory "3"]
[SourceTitle "BritBase"]
[Source "John Saunders"]
[SourceDate "2020.09.07"]
[SourceVersion "1"]
[SourceVersionDate "2020.09.07"]
[SourceQuality "2"]

1. Nf3 c5 2. c4 g6 3. Nc3 Bg7 4. d4 Nf6 5. d5 O-O 6. e4 d6 7. Be2 b5 8. cxb5 a6
9. a4 axb5 10. Bxb5 Ba6 11. Qe2 Qc7 12. O-O Bxb5 13. Nxb5 Qb7 14. Bd2 Na6 15.
Bc3 Rfc8 16. Nd2 Nc7 17. Nxc7 Rxc7 18. Qb5 Nd7 19. Nc4 Qxb5 20. axb5 Rca7 21.
Rxa7 Rxa7 22. Na5 Bxc3 23. Nc6 Ra4 24. bxc3 Rxe4 25. f3 Re3 26. Rc1 Kf8 27. Kf2
Rd3 28. Ke2 Rxd5 29. c4 Rh5 30. h3 Nb6 31. Ra1 Nxc4 32. Ra6 Rd5 33. Ra8+ Kg7
34. Ra4 Rd2+ 35. Ke1 Rd1+ 36. Ke2 Rd2+ 37. Ke1 Rc2 38. Nxe7 Ne3 39. Re4 Nf5 40.
Nxf5+ gxf5 41. Re2 Rc1+ 42. Kf2 Kf6 43. Rb2 Ra1 44. Ke3 Ke5 45. f4+ Kd5 46.
Rd2+ Ke6 47. Rb2 Kd7 48. Kd3 Ra3+ 49. Kc2 Kc7 50. Rb1 Ra4 51. b6+ Kb7 52. Rd1
Rd4 53. Rxd4 cxd4 54. Kd3 Kxb6 55. Kxd4 Kc6 56. g4 fxg4 57. hxg4 d5 58. g5 Kd6
59. f5 Kc6 60. Ke5 Kc5 61. Kf6 d4 62. Kxf7 d3 1/2-1/2

[Event "GLC Masters"]
[Site "London"]
[Date "1986.03.27"]
[Round "15"]
[White "Arkell, Keith C"]
[Black "McDonald, Neil R"]
[Result "1/2-1/2"]
[WhiteElo "2375"]
[BlackElo "2320"]
[PlyCount "77"]
[EventDate "1986.03.11"]
[EventType "tourn"]
[EventRounds "15"]
[EventCountry "ENG"]
[EventCategory "3"]
[SourceTitle "BritBase"]
[Source "John Saunders"]
[SourceDate "2020.09.07"]
[SourceVersion "1"]
[SourceVersionDate "2020.09.07"]
[SourceQuality "2"]

1. e4 e6 2. d4 d5 3. Nd2 Nf6 4. e5 Nfd7 5. Bd3 c5 6. c3 Nc6 7. Ne2 cxd4 8. cxd4
f6 9. Nf4 Nxd4 10. Qh5+ Ke7 11. exf6+ Nxf6 12. Ng6+ hxg6 13. Qxh8 Kf7 14. Qh4
e5 15. Nf3 Nxf3+ 16. gxf3 Bf5 17. Bxf5 gxf5 18. Bg5 Qa5+ 19. Kf1 Be7 20. Kg2 d4
21. Rac1 Nd5 22. b4 Qa3 23. Rhe1 Nf4+ 24. Qxf4 exf4 25. Rxe7+ Kg6 26. Bxf4 Qxb4
27. Rcc7 Rg8 28. Rxb7 Qc4 29. Rxa7 d3 30. Kg3 Qc2 31. Red7 Qc3 32. Rac7 Qa1 33.
Kg2 Re8 34. Bd2 Qf6 35. f4 Rd8 36. Re7 Rc8 37. Rxg7+ Qxg7 38. Rxg7+ Kxg7 39.
Kf3 1/2-1/2

[Event "GLC Masters"]
[Site "London"]
[Date "1986.03.27"]
[Round "15"]
[White "Carton, Patrick"]
[Black "Orr, Mark JL"]
[Result "0-1"]
[WhiteElo "2295"]
[BlackElo "2330"]
[PlyCount "48"]
[EventDate "1986.03.11"]
[EventType "tourn"]
[EventRounds "15"]
[EventCountry "ENG"]
[EventCategory "3"]
[SourceTitle "BritBase"]
[Source "John Saunders"]
[SourceDate "2020.09.07"]
[SourceVersion "1"]
[SourceVersionDate "2020.09.07"]
[SourceQuality "2"]

1. e4 c6 2. d4 d5 3. exd5 cxd5 4. Bd3 Nc6 5. c3 g6 6. h3 Nh6 7. Nf3 Bg7 8. O-O
O-O 9. Bf4 f6 10. c4 Nf7 11. Nc3 e5 12. Bg3 e4 13. cxd5 exf3 14. dxc6 fxg2 15.
Re1 bxc6 16. Be4 Bxh3 17. Bxc6 Rc8 18. Nd5 Rxc6 19. Ne7+ Kh8 20. Nxc6 Qd7 21.
Rc1 Ng5 22. Re3 Bg4 23. Qb3 Bf3 24. Rc5 Nh3+ 0-1

[Event "GLC Masters"]
[Site "London"]
[Date "1986.03.27"]
[Round "15"]
[White "Crawley, Gavin"]
[Black "Lalic, Susan Kathryn"]
[Result "1-0"]
[WhiteElo "2335"]
[BlackElo "2220"]
[PlyCount "67"]
[EventDate "1986.03.11"]
[EventType "tourn"]
[EventRounds "15"]
[EventCountry "ENG"]
[EventCategory "3"]
[SourceTitle "BritBase"]
[Source "John Saunders"]
[SourceDate "2020.09.07"]
[SourceVersion "1"]
[SourceVersionDate "2020.09.07"]
[SourceQuality "2"]

1. Nf3 Nf6 2. c4 c5 3. g3 g6 4. Bg2 Bg7 5. Nc3 O-O 6. d4 d6 7. d5 a6 8. O-O b5
9. cxb5 axb5 10. Nxb5 Ba6 11. Nc3 Nbd7 12. Qc2 Nb6 13. Rd1 Qc7 14. Bg5 h6 15.
Bf4 Rfb8 16. e4 Nfd7 17. b3 Nc8 18. h4 Na7 19. a4 c4 20. bxc4 Bxc4 21. Rac1 Bb3
22. Qd2 Bxd1 23. Nxd1 Qb6 24. Bxh6 Bh8 25. h5 Ne5 26. Nxe5 dxe5 27. Bh3 Bf6 28.
hxg6 fxg6 29. Ne3 Qb4 30. Be6+ Kh7 31. Ng4 Qxd2 32. Bxd2 Bg7 33. Bg5 Nc8 34.
Kg2 1-0

[Event "GLC Masters"]
[Site "London"]
[Date "1986.03.27"]
[Round "15"]
[White "Gallagher, Joseph G"]
[Black "Knott, Simon JB"]
[Result "1/2-1/2"]
[WhiteElo "2325"]
[BlackElo "2320"]
[PlyCount "41"]
[EventDate "1986.03.11"]
[EventType "tourn"]
[EventRounds "15"]
[EventCountry "ENG"]
[EventCategory "3"]
[SourceTitle "BritBase"]
[Source "John Saunders"]
[SourceDate "2020.09.07"]
[SourceVersion "1"]
[SourceVersionDate "2020.09.07"]
[SourceQuality "2"]

1. e4 e6 2. d4 d5 3. Nc3 Bb4 4. e5 c5 5. dxc5 Nc6 6. Nf3 d4 7. a3 Ba5 8. b4
dxc3 9. bxa5 Qxd1+ 10. Kxd1 Nxa5 11. Nd4 Bd7 12. Ne2 Rc8 13. Be3 Ne7 14. Nxc3
Nf5 15. Bd2 Rxc5 16. Ne4 Rxe5 17. Bd3 b6 18. g4 Bc6 19. f3 Bxe4 20. Bxe4 Nd6
21. Bf4 1/2-1/2

[Event "GLC Masters"]
[Site "London"]
[Date "1986.03.27"]
[Round "15"]
[White "Le Blancq, Simon Charles"]
[Black "Jacobs, Byron A"]
[Result "0-1"]
[WhiteElo "2410"]
[BlackElo "2295"]
[PlyCount "54"]
[EventDate "1986.03.11"]
[EventType "tourn"]
[EventRounds "15"]
[EventCountry "ENG"]
[EventCategory "3"]
[SourceTitle "BritBase"]
[Source "John Saunders"]
[SourceDate "2020.09.07"]
[SourceVersion "1"]
[SourceVersionDate "2020.09.07"]
[SourceQuality "2"]

1. Nf3 Nf6 2. d4 c5 3. e3 g6 4. c4 Bg7 5. Be2 O-O 6. O-O b6 7. Nc3 e6 8. b3 Bb7
9. Bb2 d6 10. dxc5 bxc5 11. Nb5 Ne4 12. Bxg7 Kxg7 13. Nd2 Nf6 14. Bf3 d5 15.
Qc2 Qb6 16. Nc3 Nbd7 17. cxd5 exd5 18. Rac1 Rac8 19. Qb2 Qe6 20. Nc4 Ba8 21.
Na5 d4 22. exd4 Bxf3 23. gxf3 cxd4 24. Ne2 Ne5 25. Rxc8 Nxf3+ 26. Kg2 Qg4+ 27.
Ng3 Nh4+ 0-1

[Event "GLC Masters"]
[Site "London"]
[Date "1986.03.27"]
[Round "15"]
[White "Needham, Teresa"]
[Black "Nicholson, John G"]
[Result "0-1"]
[WhiteElo "2120"]
[BlackElo "2320"]
[PlyCount "136"]
[EventDate "1986.03.11"]
[EventType "tourn"]
[EventRounds "15"]
[EventCountry "ENG"]
[EventCategory "3"]
[SourceTitle "BritBase"]
[Source "John Saunders"]
[SourceDate "2020.09.07"]
[SourceVersion "1"]
[SourceVersionDate "2020.09.07"]
[SourceQuality "2"]

1. e4 c5 2. b3 d6 3. Bb2 Nf6 4. Nc3 g6 5. Nf3 Bg7 6. d3 O-O 7. Be2 Nc6 8. O-O
Nh5 9. Qc1 e5 10. Nd5 Ne7 11. Nxe7+ Qxe7 12. g3 f5 13. exf5 Bxf5 14. Nh4 Bh3
15. Ng2 Rf7 16. Qe3 Qf8 17. Qe4 Bf5 18. Qh4 Bf6 19. Qc4 Ng7 20. Bf3 Kh8 21. Bd5
Re7 22. a4 Ne8 23. a5 Bg7 24. Nh4 Nf6 25. Nxf5 gxf5 26. Bg2 Rd8 27. b4 d5 28.
Qxc5 Rc8 29. Qxa7 Rxc2 30. Ba3 b5 31. Qa6 e4 32. Qxb5 Ng4 33. Qa4 Rxf2 34. b5
Rxf1+ 35. Rxf1 e3 36. a6 e2 37. Re1 Qf6 38. h3 Qd4+ 39. Qxd4 Bxd4+ 40. Kh1 Nf2+
41. Kh2 Nxd3 42. Bxe7 Nxe1 43. Bf6+ Bxf6 44. a7 Nxg2 45. a8=Q+ Kg7 46. Qb7+ Kg6
47. Qxd5 e1=Q 48. Qg8+ Bg7 49. Kxg2 Qe2+ 50. Kg1 Qxb5 51. Qe6+ Bf6 52. Qg8+ Kh6
53. Qf8+ Bg7 54. Qd6+ Kh5 55. g4+ Kh4 56. Qe7+ Kxh3 57. Qxg7 Qb1+ 58. Kf2 Qc2+
59. Kf1 Qd1+ 60. Kf2 Qd2+ 61. Kf1 f4 62. Qa7 Qg2+ 63. Ke1 Qe4+ 64. Kf2 Kxg4 65.
Qg7+ Qg6 66. Qd7+ Kh4 67. Kf3 Qg3+ 68. Ke2 Qg4+ 0-1